| 000 -LEADER |
| fixed length control field |
01682nam a2200265Ia 4500 |
| 001 - CONTROL NUMBER |
| control field |
15566 |
| 003 - CONTROL NUMBER IDENTIFIER |
| control field |
GE_BSU |
| 008 - FIXED-LENGTH DATA ELEMENTS--GENERAL INFORMATION |
| fixed length control field |
181216s||||||||xx |||||||||||||| ||und|| |
| 020 ## - INTERNATIONAL STANDARD BOOK NUMBER |
| International Standard Book Number |
978-99940-53-50-6 |
| 040 ## - CATALOGING SOURCE |
| Transcribing agency |
GE_BSU |
| 080 ## - UNIVERSAL DECIMAL CLASSIFICATION NUMBER |
| Universal Decimal Classification number |
821.353.1-1 |
| 100 ## - MAIN ENTRY--PERSONAL NAME |
| Personal name |
ჩოხელი, გ. (გოდერძი, 1954-2007) |
| 245 ## - TITLE STATEMENT |
| Title |
მე" და მე |
| 245 ## - TITLE STATEMENT |
| Remainder of title |
ლექსების კრებული |
| 245 ## - TITLE STATEMENT |
| Statement of responsibility, etc. |
შემდგ.-რედ. ელენე სალარიძე |
| 260 ## - PUBLICATION, DISTRIBUTION, ETC. |
| Place of publication, distribution, etc. |
თბილისი |
| 260 ## - PUBLICATION, DISTRIBUTION, ETC. |
| Name of publisher, distributor, etc. |
პალიტრა L |
| 260 ## - PUBLICATION, DISTRIBUTION, ETC. |
| Date of publication, distribution, etc. |
2007 |
| 300 ## - PHYSICAL DESCRIPTION |
| Extent |
192 გვ. ; 20 სმ |
| 653 ## - INDEX TERM--UNCONTROLLED |
| Uncontrolled term |
ბოლო არ უჩანს ამ სოფელს; ***როგორ თანდათან მაწვალებს; წასვლა; თოვლიან ტყეში მწიფე ძახველი; ნიბლია; თერგი; საქართველოსთვის!; ობლობა; ***სთქვი და აასრულე, გოდერძი ჩოხელო; აპეურები; ნატირალი და სხვ |
| 653 ## - INDEX TERM--UNCONTROLLED |
| Uncontrolled term |
თხოვნა; შემინახე, დედაო მიწავ!; ნუ გეშინია; სიხარული; ნაცნობი გაკვეთილი; მიყვარხარ, ჭრელო პეპელავ; სამოთხის კარი გამიღეს; "მე" და მე; ქართველების გადაფრენა |
| 653 ## - INDEX TERM--UNCONTROLLED |
| Uncontrolled term |
ლექსების კრებული |
| 653 ## - INDEX TERM--UNCONTROLLED |
| Uncontrolled term |
მე" და მე |
| 942 ## - ADDED ENTRY ELEMENTS (KOHA) |
| Koha item type |
წიგნი |